Dawn at PM : a history of the Patrician Movement /

Bibliographic Details
Main Author: Dunn, Edward Clare, 1913-
Format: Book
Language:English
Published: Austin, Tex. : Eakin Press, [1984]
Edition:1st. ed.
Subjects:

MARC

Tag First Indicator Second Indicator Subfields
LEADER 00000cam a2200000 a 4500
001 in00000403321
005 20151011130935.0
008 840601s1984 txua 00010 eng
010 |a  84081257  
020 |a 089015466X :  |c $12.95 
035 |a (OCoLC)11176296 
035 |9 ABS8628AM 
039 0 |a 2  |b 3  |c 3  |d 3  |e 3 
040 |a DLC  |c DLC  |d TXA  |d UtOrBLW 
043 |a n-us-tx 
049 |a TXAM  |c [A08679923] 
050 0 0 |a HV5833.S24  |b D86 1984 
082 0 |a 362.2/9286  |2 19 
100 1 |a Dunn, Edward Clare,  |d 1913- 
245 1 0 |a Dawn at PM :  |b a history of the Patrician Movement /  |c Edward Clare Dunn. 
250 |a 1st. ed. 
264 1 |a Austin, Tex. :  |b Eakin Press,  |c [1984] 
264 4 |c ©1984 
300 |a vii, 157 pages :  |b illustrations ;  |c 23 cm. 
336 |a text  |b txt  |2 rdacontent 
337 |a unmediated  |b n  |2 rdamedia 
338 |a volume  |b nc  |2 rdacarrier 
610 2 0 |a Patrician Movement (Organization)  |x History. 
650 0 |a Drug abuse  |x Treatment  |z Texas  |z San Antonio  |x Case studies. 
740 0 |a Dawn at P.M. 
999 |a MARS 
999 f f |s b441d0b2-3b3a-3a65-9434-ce2bd5153e03  |i 1a9adbd8-d005-3604-8b69-3f17251b834e  |t 0 
952 f f |p ric  |a Texas A&M University  |b Rellis Campus  |c Joint Library Facility  |d Remote Storage  |t 0  |e HV5833.S24 D86 1984  |h Library of Congress classification  |i unmediated -- volume  |m A14808679923 
998 f f |a HV5833.S24 D86 1984  |t 0  |l Remote Storage